000 00442nam a2200181Ia 4500
001 8803
005 20260306160636.0
008 260306t2004||||xx |||||||||||||| ||spa||
041 _aESP
082 _a371.35
_bT16
100 _aTalbot, Christine
_eAUT
245 0 _aEstudiar a distancia:
_buna guía para estudiantes
260 _c2004
300 _a191 páginas :
_c23 cm.
650 _aGEN
654 _aCED
942 _cLIB
_dJUS
_fJUS
_2ddc
_n
999 _c8803
_d8803